00247nam a22001217a 4500003000400000020001800004082000800022100001800030245003700048250000800085260002400093300000800117SGT a9788120343146 bMCG aMC GRATH E.H  aBASIC MANAGERIAL SKILLS FOR ALL  a9TH bPHI LEARNING c2018 a812